书目信息 |
| 题名: |
劳动法学
|
|
| 作者: | 贾俊玲 主编 | |
| 分册: | ||
| 出版信息: | 北京 北京大学出版社 2013 |
|
| 页数: | 266页 | |
| 开本: | 23cm | |
| 丛书名: | ||
| 单 册: | ||
| 中图分类: | D922.501 | |
| 科图分类: | ||
| 主题词: | 劳动法--法学--中国--教材 , 劳动法 | |
| 电子资源: | ||
| ISBN: | 978-7-301-21923-2 | |
| 000 | 00901nam0 2200265 450 | |
| 001 | 523 | |
| 005 | 20140908082058.07 | |
| 010 | @a978-7-301-21923-2@dCNY29.00 | |
| 100 | @a20130318d2013 em y0chiy50 ea | |
| 101 | 0 | @achi |
| 102 | @aCN@b110000 | |
| 105 | @ay z 000yy | |
| 106 | @ar | |
| 200 | 1 | @a劳动法学@f贾俊玲主编 |
| 205 | @a2版 | |
| 210 | @a北京@c北京大学出版社@d2013 | |
| 215 | @a266页@d23cm | |
| 300 | @a21世纪法学系列教材 经济法系列 | |
| 330 | @a本书内容包括:劳动法基础理论、劳动法的产生和发展、国际劳动立法、就业促进法、劳动合同法、集体协商与集体合同法、工资法、工作时间和休息休假法、劳动安全卫生法、社会保险与职工福利法、工会与职工民主参与法、执行劳动法的监督检查、劳动争议处理法。 | |
| 606 | 0 | @a劳动法@x法学@y中国@j教材 |
| 606 | 0 | @a劳动法 |
| 690 | @aD922.501@v5 | |
| 701 | 0 | @a贾俊玲@4主编 |
| 801 | 0 | @aCN@bTANGWEI@c20140603 |
| 905 | @b0842498-500@dD922.501@e1156=2@f3 | |
| 劳动法学/贾俊玲主编.-2版.-北京:北京大学出版社,2013 |
| 266页;23cm |
| 21世纪法学系列教材 经济法系列 |
| ISBN 978-7-301-21923-2:CNY29.00 |
| 本书内容包括:劳动法基础理论、劳动法的产生和发展、国际劳动立法、就业促进法、劳动合同法、集体协商与集体合同法、工资法、工作时间和休息休假法、劳动安全卫生法、社会保险与职工福利法、工会与职工民主参与法、执行劳动法的监督检查、劳动争议处理法。 |
| ● |
| 相关链接 |
|
|
|
|
正题名:劳动法学
索取号:D922.501/1156=2
 
预约/预借
| 序号 | 登录号 | 条形码 | 馆藏地/架位号 | 状态 | 备注 |
| 1 | 0842498 | 208424980 | 第一样本阅览室/ [索取号:D922.501/1156=2] | 在馆 | |
| 2 | 0842499 | 208424999 | 第一借阅区/ [索取号:D922.501/1156=2] | 在馆 | |
| 3 | 0842500 | 208425006 | 密集书库-史法系/ [索取号:D922.501/1156=2] | 在馆 |